000 01168nam a22003377a 4500
003 CHAP
005 20220329140244.0
008 971013s1984 r 00010 d
010 _a49302
011 _a50274
035 _a54424
040 _cCHAP
090 _aTesis
100 0 0 _aVidales Contreras, Juan Antonio.
_9119258
245 _aFactores genéticos y ambientales que afectan la producción y la calidad de la leche
260 _aMarín, N.L. :
_bEl autor,
_c1984
300 _a44 h.
_b: ilus.
502 _aTesis (Ing. Agrónomo Esp. en Zootecnia) -- Univ. Autónoma de Nuevo León. Fac. de Agronomía
590 _aALEPH
_b10
_c20130110
_lUCH01
_h1321
590 _aBATCH-UPD
_b10
_c20130110
_lUCH01
_h0820
590 _aBATCH-UPD
_b10
_c20130410
_lUCH01
_h0458
590 _aBATCH-UPD
_b10
_c20130914
_lUCH01
_h1516
590 _aCONVERSION
_b10
_c20130109
_lUCH01
_h1327
650 1 4 _aGanado lechero
_xEfecto del medio ambiente.
_945258
650 1 4 _aGanado lechero
_xGenética.
_945267
650 1 4 _aLeche
_xCalidad.
_965362
650 1 4 _aLeche
_xProducción.
_965400
901 _aBK
942 _cTESIS
949 _bBC
_cTES
_d-120097
_eTS1
_h18722
_i54424
_si
999 _c49302
_d49302